[Event "4th ChessMates Murmansk 2020"]
[Site "Murmansk"]
[Date "2020.03.13"]
[Round "2.17"]
[White "Poliato, Irina"]
[Black "Abbasov, Aziz"]
[Result "1-0"]
[WhiteElo "1588"]
[BlackElo "1478"]
[Annotator "NA RC"]
[PlyCount "63"]
[EventDate "2020.03.13"]
[EventType "team-tourn"]
[EventCountry "RUS"]
[SourceTitle "playchess.com"]
[Source "ChessBase"]
[SourceQuality "1"]
[TimeControl "5400+30"]

1. d4 {[%emt 0:00:00]} Nf6 {[%emt 0:00:00]} 2. Nf3 {[%emt 0:00:00]} g6 {[%emt 0:00:00]} 3. g3 {[%emt 0:00:00]} Bg7 {[%emt 0:00:00]} 4. Bg2 {[%emt 0:00:00]} d5 {[%emt 0:00:00]} 5. O-O {[%emt 0:00:06]} O-O {[%emt 0:00:00]} 6. Re1 {[%emt 0:00:32]} c6 {[%emt 0:00:19]} 7. Nc3 {[%emt 0:00:26]} Ne4 {[%emt 0:03:12]} 8. Nxe4 {[%emt 0:12:06]} dxe4 {[%emt 0:00:07]} 9. Nd2 {[%emt 0:00:07]} Bxd4 {[%emt 0:04:14]} 10. Nxe4 {[%emt 0:06:59]} Bf5 {[%emt 0:04:18]} 11. c3 {[%emt 0:01:17]} Bg7 {[%emt 0:01:41]} 12. Qb3 {[%emt 0:06:06]} Qc7 {[%emt 0:02:01]} 13. Bf4 {[%emt 0:06:53]} e5 {[%emt 0:00:11]} 14. Be3 {[%emt 0:03:55]} Nd7 {[%emt 0:03:18]} 15. Red1 {[%emt 0:10:31]} Bxe4 {[%emt 0:06:49]} 16. Bxe4 {[%emt 0:00:06]} Rfd8 {[%emt 0:00:43]} 17. Bg2 {[%emt 0:04:36]} Nb6 {[%emt 0:05:34]} 18. a4 {[%emt 0:15:58]} Nd7 {[%emt 0:02:35]} 19. Rd2 {[%emt 0:00:24]} Nf8 {[%emt 0:06:11]} 20. Rxd8 {[%emt 0:00:17]} Rxd8 {[%emt 0:00:09]} 21. Bxa7 {[%emt 0:00:49]} Qc8 {[%emt 0:03:03]} 22. Bb6 {[%emt 0:02:37]} Rd6 {[%emt 0:01:00]} 23. a5 {[%emt 0:02:01]} Ne6 {[%emt 0:04:31]} 24. Be3 {[%emt 0:03:57]} h5 {[%emt 0:03:01]} 25. Bh3 {[%emt 0:03:22]} Qc7 {[%emt 0:02:38]} 26. Bxe6 {[%emt 0:02:32]} Rxe6 {[%emt 0:01:10]} 27. Rd1 {[%emt 0:00:48]} Rd6 {[%emt 0:04:57]} 28. Rxd6 {[%emt 0:00:04]} Qxd6 {[%emt 0:00:11]} 29. Qxb7 {[%emt 0:00:25]} Qd1+ {[%emt 0:00:21]} 30. Kg2 {[%emt 0:00:06]} Qxe2 {[%emt 0:00:26]} 31. Qxc6 {[%emt 0:00:14]} Qxb2 {[%emt 0:00:21]} 32. a6 {[%emt 0:00:07]} 1-0

[Event "4th ChessMates Murmansk 2020"]
[Site "Murmansk"]
[Date "2020.03.13"]
[Round "2.18"]
[White "Khon, Ilya"]
[Black "Khmil, Fedor"]
[Result "0-1"]
[WhiteElo "1223"]
[BlackElo "1470"]
[Annotator "NA RC"]
[PlyCount "110"]
[EventDate "2020.03.13"]
[EventType "team-tourn"]
[EventCountry "RUS"]
[SourceTitle "playchess.com"]
[Source "ChessBase"]
[SourceQuality "1"]
[TimeControl "5400+30"]

1. e4 {[%emt 0:00:00]} c6 {[%emt 0:00:00]} 2. d4 {[%emt 0:00:00]} d5 {[%emt 0:00:00]} 3. exd5 {[%emt 0:00:00]} cxd5 {[%emt 0:00:00]} 4. Nf3 {[%emt 0:00:15]} Bg4 {[%emt 0:00:05]} 5. Bd3 {[%emt 0:01:03]} Nf6 {[%emt 0:00:21]} 6. O-O {[%emt 0:00:33]} e6 {[%emt 0:00:12]} 7. h3 {[%emt 0:04:20]} Bh5 {[%emt 0:00:38]} 8. Re1 {[%emt 0:00:19]} Be7 {[%emt 0:00:20]} 9. Bf4 {[%emt 0:00:24]} O-O {[%emt 0:00:14]} 10. Nbd2 {[%emt 0:00:47]} Nc6 {[%emt 0:00:19]} 11. c3 {[%emt 0:02:09]} Rc8 {[%emt 0:02:00]} 12. Rc1 {[%emt 0:08:35]} Qb6 {[%emt 0:02:53]} 13. Nb3 {[%emt 0:11:34]} Na5 {[%emt 0:04:54]} 14. Be2 {[%emt 0:11:17]} Nc4 {[%emt 0:03:07]} 15. Qc2 {[%emt 0:04:50]} Bg6 {[%emt 0:00:27]} 16. Bd3 {[%emt 0:04:56]} Bxd3 {[%emt 0:00:23]} 17. Qxd3 {[%emt 0:00:06]} Nxb2 {[%emt 0:00:11]} 18. Qe2 {[%emt 0:01:57]} Nc4 {[%emt 0:00:53]} 19. Bg5 {[%emt 0:08:28]} h6 {[%emt 0:01:08]} 20. Bxf6 {[%emt 0:00:19]} Bxf6 {[%emt 0:00:12]} 21. Nc5 {[%emt 0:00:12]} Qc6 {[%emt 0:02:45]} 22. Rb1 {[%emt 0:09:20]} b6 {[%emt 0:02:50]} 23. Nd3 {[%emt 0:00:17]} Rc7 {[%emt 0:07:47]} 24. Nb4 {[%emt 0:06:01]} Qa4 {[%emt 0:01:27]} 25. Rec1 {[%emt 0:02:08]} Rfc8 {[%emt 0:01:22]} 26. Ne5 {[%emt 0:17:03]} Nxe5 {[%emt 0:00:52]} 27. dxe5 {[%emt 0:00:09]} Bg5 {[%emt 0:00:14]} 28. Na6 {[%emt 0:01:11]} Rc4 {[%emt 0:00:46]} 29. Re1 {[%emt 0:02:10]} Qxa6 {[%emt 0:00:12]} 30. Rb3 {[%emt 0:01:38]} Qa5 31. Qb2 {[%emt 0:02:10]} Rxc3 {[%emt 0:00:54]} 32. Rxc3 {[%emt 0:00:08]} Qxc3 {[%emt 0:00:07]} 33. Qe2 {[%emt 0:00:09]} Qxe1+ {[%emt 0:00:08]} 34. Qxe1 {[%emt 0:00:07]} Rc1 {[%emt 0:00:05]} 35. Qxc1 {[%emt 0:00:20]} Bxc1 {[%emt 0:00:05]} 36. Kf1 {[%emt 0:00:07]} Bf4 {[%emt 0:00:06]} 37. g3 {[%emt 0:00:15]} Bxe5 {[%emt 0:00:05]} 38. f4 {[%emt 0:00:04]} Bc3 {[%emt 0:00:08]} 39. Ke2 {[%emt 0:00:08]} e5 {[%emt 0:00:13]} 40. fxe5 {[%emt 0:00:46]} Bxe5 {[%emt 0:00:05]} 41. g4 {[%emt 0:00:03]} g6 {[%emt 0:00:20]} 42. Kd3 {[%emt 0:00:04]} f5 {[%emt 0:00:08]} 43. gxf5 {[%emt 0:00:09]} gxf5 {[%emt 0:00:03]} 44. Ke2 {[%emt 0:00:06]} d4 {[%emt 0:00:09]} 45. Kd3 {[%emt 0:00:22]} Kf7 {[%emt 0:00:06]} 46. Ke2 {[%emt 0:01:22]} Kf6 {[%emt 0:00:10]} 47. Kf3 {[%emt 0:00:07]} b5 {[%emt 0:00:20]} 48. h4 {[%emt 0:00:23]} b4 {[%emt 0:00:06]} 49. h5 {[%emt 0:00:06]} a5 {[%emt 0:00:05]} 50. Ke2 {[%emt 0:00:42]} a4 {[%emt 0:00:05]} 51. Kd2 {[%emt 0:00:04]} b3 {[%emt 0:00:09]} 52. a3 {[%emt 0:00:07]} b2 {[%emt 0:00:18]} 53. Ke2 {[%emt 0:00:07]} b1=Q 54. Kf3 {[%emt 0:00:43]} Qe4+ {[%emt 0:00:22]} 55. Kf2 {[%emt 0:00:17]} Qe3+ {[%emt 0:00:13]} 0-1

[Event "4th ChessMates Murmansk 2020"]
[Site "Murmansk"]
[Date "2020.03.13"]
[Round "2.19"]
[White "Rombalskiy, Ivan"]
[Black "Yatchenko, Leonid"]
[Result "0-1"]
[WhiteElo "1298"]
[BlackElo "1705"]
[Annotator "NA"]
[PlyCount "66"]
[EventDate "2020.03.13"]
[EventType "team-tourn"]
[EventCountry "RUS"]
[SourceTitle "playchess.com"]
[Source "ChessBase"]
[SourceQuality "1"]
[TimeControl "5400+30"]

1. e4 {[%emt 0:00:00]} c5 {[%emt 0:00:00]} 2. Nf3 {[%emt 0:00:00]} d6 {[%emt 0:00:00]} 3. d4 {[%emt 0:00:11]} cxd4 {[%emt 0:00:02]} 4. Nxd4 {[%emt 0:00:04]} Nf6 {[%emt 0:00:08]} 5. Nc3 {[%emt 0:00:07]} g6 {[%emt 0:00:07]} 6. Be3 {[%emt 0:00:12]} Bg7 {[%emt 0:00:06]} 7. Be2 {[%emt 0:00:41]} Nc6 {[%emt 0:00:05]} 8. O-O {[%emt 0:00:57]} O-O {[%emt 0:00:19]} 9. Qd2 {[%emt 0:00:33]} d5 {[%emt 0:00:20]} 10. Nxc6 {[%emt 0:02:55]} bxc6 {[%emt 0:00:09]} 11. Rad1 {[%emt 0:02:23]} Bb7 {[%emt 0:00:26]} 12. Bf3 {[%emt 0:01:57]} e6 {[%emt 0:03:32]} 13. Bg5 {[%emt 0:04:23]} Qc7 {[%emt 0:01:43]} 14. Rfe1 {[%emt 0:02:53]} Nd7 {[%emt 0:00:47]} 15. exd5 {[%emt 0:04:38]} cxd5 {[%emt 0:00:09]} 16. Bf4 {[%emt 0:01:22]} Qb6 {[%emt 0:04:34]} 17. Rb1 {[%emt 0:06:59]} Rac8 {[%emt 0:01:16]} 18. Red1 {[%emt 0:02:18]} Ne5 {[%emt 0:05:54]} 19. Be3 {[%emt 0:04:01]} Nxf3+ {[%emt 0:00:14]} 20. gxf3 {[%emt 0:00:10]} Qa6 {[%emt 0:00:44]} 21. f4 {[%emt 0:03:30]} Rfd8 {[%emt 0:00:29]} 22. Ne2 d4 23. Nxd4 {[%emt 0:07:13]} Bxd4 {[%emt 0:20:12]} 24. Bxd4 {[%emt 0:00:10]} Qc6 {[%emt 0:00:02]} 25. f3 {[%emt 0:02:30]} Qxf3 {[%emt 0:00:07]} 26. c3 {[%emt 0:00:55]} Qh1+ {[%emt 0:01:01]} 27. Kf2 {[%emt 0:00:12]} Qxh2+ {[%emt 0:00:11]} 28. Ke1 {[%emt 0:02:00]} Qh1+ {[%emt 0:01:28]} 29. Kf2 {[%emt 0:00:51]} Qf3+ {[%emt 0:00:22]} 30. Ke1 {[%emt 0:00:21]} Qh1+ {[%emt 0:04:38]} 31. Kf2 {[%emt 0:00:25]} Qh4+ {[%emt 0:00:08]} 32. Kg1 {[%emt 0:02:00]} Qg3+ {[%emt 0:00:11]} 33. Kf1 {[%emt 0:01:34]} Ba6+ {[%emt 0:00:08]} 0-1

[Event "4th ChessMates Murmansk 2020"]
[Site "Murmansk"]
[Date "2020.03.13"]
[Round "2.20"]
[White "Zaytsev, Egor"]
[Black "Ivashevskiy, Artem"]
[Result "0-1"]
[WhiteElo "1871"]
[BlackElo "1233"]
[Annotator "NA RC"]
[PlyCount "98"]
[EventDate "2020.03.13"]
[EventType "team-tourn"]
[EventCountry "RUS"]
[SourceTitle "playchess.com"]
[Source "ChessBase"]
[SourceQuality "1"]
[TimeControl "5400+30"]

1. e4 {[%emt 0:00:00]} c6 {[%emt 0:00:00]} 2. d4 {[%emt 0:00:00]} d5 {[%emt 0:00:00]} 3. exd5 {[%emt 0:00:03]} cxd5 {[%emt 0:00:00]} 4. c4 {[%emt 0:00:05]} Nf6 {[%emt 0:00:00]} 5. Nc3 {[%emt 0:00:06]} Nc6 {[%emt 0:00:04]} 6. c5 {[%emt 0:02:50]} g6 {[%emt 0:00:20] B13: Caro-Kann: Exchange Variation and Panov-Botvinnik Attack.} 7. h3 {[%emt 0:00:27]} Bg7 {[%emt 0:00:12]} 8. Nf3 {[%emt 0:00:05]} O-O {[%emt 0:01:27]} 9. Bb5 {[%emt 0:02:36]} Ne4 {[%emt 0:03:47]} 10. O-O {[%emt 0:01:29]} Nxc3 {[%emt 0:01:32]} 11. bxc3 {[%emt 0:00:09]} Qa5 {[%emt 0:01:36]} 12. Qb3 {[%emt 0:04:38] [#]} Rd8 $146 {[%emt 0:04:37]} ({Predecessor:} 12... a6 13. Bxc6 bxc6 14. Bf4 Bf5 15. Rfe1 Rfe8 16. Ne5 Bxe5 17. Bxe5 Qb5 18. Qa3 a5 {½-½ (45) De Araujo Oliveira,R (2129)-Simao,D (1892) Natal 2013}) 13. Re1 {[%emt 0:01:14]} Bxd4 {[%emt 0:11:24]} 14. Bxc6 {[%emt 0:16:08]} Bxc3 {[%emt 0:00:09]} 15. Bxd5 {[%emt 0:00:12]} e6 {[%emt 0:00:10]} 16. Bc4 {[%emt 0:00:56]} Bxa1 {[%emt 0:00:31]} 17. Bg5 {[%emt 0:00:53]} Bg7 {[%emt 0:21:03]} 18. Bxd8 {[%emt 0:00:40]} Qxd8 {[%emt 0:00:09]} 19. Rd1 {[%emt 0:06:06]} Qc7 {[%emt 0:01:03]} 20. Qb5 {[%emt 0:06:33]} Bf8 {[%emt 0:02:05]} 21. Ng5 {[%emt 0:11:57]} Qxc5 {[%emt 0:01:47]} 22. Qxc5 {[%emt 0:00:45]} Bxc5 {[%emt 0:00:16]} 23. Rd8+ {[%emt 0:00:06]} Kg7 {[%emt 0:01:00]} 24. Nxe6+ {[%emt 0:12:19]} fxe6 {[%emt 0:00:19]} 25. Bxe6 {[%emt 0:00:06]} Bxe6 {[%emt 0:00:04]} 26. Rxa8 {[%emt 0:00:12]} Bxa2 {[%emt 0:00:03]} 27. Rc8 {[%emt 0:02:29]} Bb6 {[%emt 0:01:16]} 28. g4 {[%emt 0:01:16]} a5 {[%emt 0:02:22]} 29. Re8 {[%emt 0:02:21]} Bc5 {[%emt 0:01:04]} 30. Ra8 {[%emt 0:01:47]} b6 {[%emt 0:00:34]} 31. Ra7+ {[%emt 0:00:06]} Bf7 {[%emt 0:00:40]} 32. g5 {[%emt 0:00:42]} Kf8 {[%emt 0:00:45]} 33. Kg2 {[%emt 0:00:31]} Be7 {[%emt 0:01:46]} 34. Ra6 {[%emt 0:02:51]} Bd8 {[%emt 0:02:19]} 35. Kg3 {[%emt 0:00:29]} b5 {[%emt 0:00:37]} 36. Ra8 {[%emt 0:00:22]} Ke8 {[%emt 0:01:31]} 37. Kf4 {[%emt 0:01:37]} b4 {[%emt 0:00:25]} 38. Ke5 {[%emt 0:00:21]} Kd7 {[%emt 0:06:26]} 39. Ra7+ {[%emt 0:00:19]} Bc7+ {[%emt 0:00:08]} 40. Kf6 {[%emt 0:00:15]} Bd5 {[%emt 0:00:10]} 41. Kg7 {[%emt 0:01:00]} b3 {[%emt 0:00:10]} 42. f4 {[%emt 0:00:28]} b2 {[%emt 0:00:13]} 43. f5 {[%emt 0:00:23]} gxf5 {[%emt 0:00:22]} 44. Kxh7 {[%emt 0:00:07]} b1=Q {[%emt 0:00:11]} 45. g6 {[%emt 0:00:14]} f4 {[%emt 0:00:10]} 46. h4 {[%emt 0:00:10]} f3 {[%emt 0:00:14]} 47. h5 {[%emt 0:01:04]} f2 {[%emt 0:00:15]} 48. Kh8 {[%emt 0:00:23]} f1=Q {[%emt 0:00:54]} 49. g7 {[%emt 0:00:07]} Qf6 {[%emt 0:00:09]} 0-1

[Event "4th ChessMates Murmansk 2020"]
[Site "Murmansk"]
[Date "2020.03.13"]
[Round "2.21"]
[White "Travadon, Loic"]
[Black "Venkatesan, Kavin"]
[Result "1-0"]
[WhiteElo "2426"]
[BlackElo "2021"]
[Annotator "TA"]
[PlyCount "99"]
[EventDate "2020.03.13"]
[EventType "team-tourn"]
[EventCountry "RUS"]
[SourceTitle "playchess.com"]
[Source "ChessBase"]
[SourceQuality "1"]

{[%evp 10,99,23,4,44,10,38,38,39,38,77,74,83,82,97,87,104,94,99,78,75,68,88,87,85,79,97,78,85,85,85,91,129,124,145,137,176,177,165,175,168,171,172,165,187,168,176,160,161,88,177,164,195,194,228,215,372,369,406,289,577,564,1586,1708,1561,1481,1639,1917,1933,584,539,216,1776,1607,3287,2475,5708,5635,5716,5421,2521,584,5418,5392,4690,3918,29983,29984,29985,29985,29992,178]} 1. e4 c5 2. Nc3 a6 3. g3 b5 4. Bg2 Bb7 5. d3 e6 6. f4 Ne7 {B23: Closed Sicilian: Lines without g3.} 7. Nf3 g6 8. e5 {[#]} d5 $146 {White is slightly better.} ({Predecessor:} 8... Nf5 9. Ne4 Be7 10. O-O d5 11. exd6 Bxd6 12. b3 Be7 13. Qe1 O-O 14. Qf2 Nd7 {0-1 (67) Peters,J (1781)-Herzum,P (1998) Solingen 2015}) 9. exd6 Qxd6 10. Ne4 Bxe4 11. dxe4 Qxd1+ 12. Kxd1 Nbc6 13. Be3 Bg7 14. e5 c4 15. Ke2 O-O 16. Nd4 Nxd4+ 17. Bxd4 Nd5 18. Bxd5 exd5 19. Rad1 Rfe8 {Black wants to play ...f6.} 20. Kf3 Rad8 21. Rd2 Re6 22. Rhd1 $1 f6 23. exf6 Bxf6 24. Bxf6 {[%mdl 64] Discovered Attack} Rxf6 25. Rxd5 Rxd5 26. Rxd5 $18 {[%mdl 4096] Endgame KR-KR} Re6 27. Rd8+ Kg7 28. Rd7+ Kg8 29. h4 (29. Ra7 $18) 29... h5 (29... Re1 $16) 30. b3 cxb3 31. cxb3 Kf8 32. g4 $1 hxg4+ $2 (32... Re1 33. gxh5 Rf1+ 34. Ke3 gxh5) 33. Kxg4 Re2 {[#]} 34. Kg5 $1 {[%cal Rg5g6]} Ke8 $2 (34... Rxa2 {is a better defense.} 35. Kxg6 Rg2+ 36. Kf6 Kg8) 35. Ra7 Rxa2 36. Kxg6 Rg2+ 37. Kf5 Rh2 38. Rxa6 Rxh4 39. Re6+ (39. Rb6 $142 Rh1 40. Rb7) 39... Kf7 {And now ...Rh5+ would win.} 40. Re5 (40. Rf6+ $142 Ke8 41. Rb6) 40... Rh3 $2 (40... b4 41. Re4 Rh5+ 42. Kg4 Rb5) 41. b4 Rh8 42. Rc5 Rb8 43. Rc7+ Kf8 44. Ke5 Rb6 45. f5 Rb8 46. Kf6 Rb6+ {[#]} 47. Kg5 $1 Rb8 48. f6 {White mates.} Kg8 49. Kg6 Kh8 50. Rh7+ {Accuracy: White = 80%, Black = 39%.} 1-0

[Event "4th ChessMates Murmansk 2020"]
[Site "Murmansk"]
[Date "2020.03.13"]
[Round "2.22"]
[White "Goss, Alex"]
[Black "Vlachos, Anatole"]
[Result "0-1"]
[WhiteElo "1811"]
[BlackElo "2403"]
[Annotator "TA"]
[PlyCount "70"]
[EventDate "2020.03.13"]
[EventType "team-tourn"]
[EventCountry "RUS"]
[SourceTitle "playchess.com"]
[Source "ChessBase"]
[SourceQuality "1"]

{[%evp 9,70,25,34,27,36,30,51,11,27,-1,-14,-37,-28,-72,-60,-68,-77,-76,-18,-81,-62,-95,0,-30,-35,-48,-39,-53,-57,-80,-53,-133,-118,-114,-112,-112,-109,-172,-131,-301,-296,-308,-299,-292,-289,-672,-672,-644,-637,-593,-587,-575,-524,-524,-524,-588,-575,-758,-743,-29997,-29998,-29998,-29999]} 1. e4 c5 2. Nf3 Nc6 3. Bb5 Nf6 4. Bxc6 dxc6 5. d3 Qc7 6. h3 {B30: Sicilian: 2...Nc6 3 Bb5, lines without ...g6.} e5 7. O-O h6 8. Be3 {White is slightly better.} Be6 9. Nbd2 g5 10. Nh2 Be7 {[#]} 11. Nb3 $146 ({Predecessor:} 11. Qe2 O-O-O 12. Rfb1 Nd7 13. a3 g4 14. Nxg4 Rdg8 15. Nxh6 Rxh6 16. Bxh6 Bxh3 17. Kh2 {0-1 (42) Fichter,F (2239)-Goumas,G (2386) Karlsruhe 2019}) 11... b6 12. a4 a5 13. Nd2 {[#]} Nd7 (13... O-O-O $1 $17) 14. c3 (14. Nc4 $11 {remains equal.}) 14... O-O-O 15. Qe2 f5 (15... h5 $17) 16. exf5 $11 Bxf5 17. d4 exd4 18. cxd4 Rhe8 $36 {[%mdl 2048] And now ...cxd4 would win. Black is more active.} 19. Qa6+ Qb7 20. Qxb7+ ({White should try} 20. Qc4 $15) 20... Kxb7 $17 21. Nhf3 cxd4 22. Nxd4 Bd3 23. Rfc1 (23. Ne6 $17 {was called for.} Rc8 24. Rfd1) 23... Nc5 24. N2b3 $2 {[#] This move loses the game for White.} (24. N4f3 $17) 24... Nxb3 $1 $19 25. Nxb3 Bf6 26. Ra2 Bg6 27. Nd2 $2 {[#]} (27. Na1) 27... Rxe3 $1 {[%mdl 576] Remove Defender} 28. fxe3 Rxd2 29. Rf1 Be5 30. Rf2 {[#]} Bh2+ $1 {[%mdl 512]} 31. Kf1 (31. Kxh2 Rxf2) 31... Rd6 32. g4 Bg3 33. Rf8 {[#]} Rd2 $1 {( -> ...Bd3+)} 34. Rg8 Bd3+ 35. Kg1 Bh2+ {Accuracy: White = 41%, Black = 88%.} 0-1

[Event "4th ChessMates Murmansk 2020"]
[Site "Murmansk"]
[Date "2020.03.13"]
[Round "2.23"]
[White "Rachid, Alexandre"]
[Black "Putar, Leon"]
[Result "1-0"]
[WhiteElo "2099"]
[BlackElo "1885"]
[Annotator "ChessBase"]
[PlyCount "93"]
[EventDate "2020.03.13"]
[EventType "team-tourn"]
[EventCountry "RUS"]
[SourceTitle "playchess.com"]
[Source "ChessBase"]
[SourceQuality "1"]
[TimeControl "5400+30"]

1. e4 {[%emt 0:01:52]} e6 {[%emt 0:00:00]} 2. d4 {[%emt 0:00:05]} d5 {[%emt 0:00:00]} 3. Nc3 {[%emt 0:00:04]} Bb4 {[%emt 0:00:28]} 4. a3 {[%emt 0:00:31]} Bxc3+ {[%emt 0:00:53]} 5. bxc3 {[%emt 0:00:02]} dxe4 {[%emt 0:00:27]} 6. Qg4 {[%emt 0:00:05]} Nf6 {[%emt 0:00:41]} 7. Qxg7 {[%emt 0:00:07]} Rg8 {[%emt 0:00:31]} 8. Qh6 {[%emt 0:00:02]} Rg6 {[%emt 0:00:46]} 9. Qe3 {[%emt 0:02:46]} c5 {[%emt 0:00:56]} 10. Ne2 {[%emt 0:00:42]} Nc6 {[%emt 0:02:09]} 11. Bb2 {[%emt 0:08:40]} Ne7 {[%emt 0:12:02]} 12. Ng3 {[%emt 0:01:55]} Ned5 {[%emt 0:02:36]} 13. Qd2 {[%emt 0:01:07]} Qc7 {[%emt 0:06:49]} 14. Rd1 {[%emt 0:10:37]} e3 {[%emt 0:01:00]} 15. Bb5+ {[%emt 0:09:02]} Bd7 {[%emt 0:03:30]} 16. Bxd7+ {[%emt 0:00:30]} Kxd7 {[%emt 0:00:07]} 17. Qe2 {[%emt 0:00:58]} Ng4 {[%emt 0:02:19]} 18. fxe3 {[%emt 0:11:07]} Ngxe3 {[%emt 0:01:35]} 19. Rd2 {[%emt 0:11:25]} c4 {[%emt 0:05:10]} 20. Qf3 {[%emt 0:05:21]} Rf6 {[%emt 0:02:21]} 21. Qe4 {[%emt 0:01:52]} Rg8 {[%emt 0:01:50]} 22. Nf1 {[%emt 0:03:33]} Rf4 {[%emt 0:01:27]} 23. Qxh7 {[%emt 0:01:13]} Nxg2+ {[%emt 0:03:13]} 24. Kd1 {[%emt 0:01:07]} Rg6 {[%emt 0:04:09]} 25. Kc1 {[%emt 0:05:52]} Kc6 {[%emt 0:00:54]} 26. Qh8 {[%emt 0:04:43]} Rgf6 {[%emt 0:06:18]} 27. Ng3 {[%emt 0:01:30]} Nge3 {[%emt 0:00:18]} 28. Qe8+ {[%emt 0:03:35]} Kb6 {[%emt 0:00:53]} 29. Kb1 {[%emt 0:04:37]} a6 {[%emt 0:01:14]} 30. Re1 {[%emt 0:01:43]} Ka7 {[%emt 0:03:03]} 31. Rde2 {[%emt 0:01:10]} Rf3 {[%emt 0:02:26]} 32. Ne4 {[%emt 0:00:09]} Qb6 {[%emt 0:06:17]} 33. Ka2 {[%emt 0:03:35]} R6f4 {[%emt 0:01:34]} 34. Nc5 {[%emt 0:01:42]} Nf6 {[%emt 0:06:44]} 35. Qc8 {[%emt 0:00:34]} Ned5 {[%emt 0:00:29]} 36. Rb1 {[%emt 0:01:04]} Rxc3 {[%emt 0:02:03]} 37. Na4 {[%emt 0:02:12]} Qa5 {[%emt 0:04:24]} 38. Bxc3 {[%emt 0:00:15]} Nxc3+ {[%emt 0:00:04]} 39. Nxc3 {[%emt 0:00:09]} b5 {[%emt 0:00:31]} 40. Qc5+ {[%emt 0:00:39]} Ka8 {[%emt 0:00:20]} 41. Qf8+ {[%emt 0:00:15]} Ka7 {[%emt 0:00:37]} 42. Qxf7+ {[%emt 0:00:06]} Ka8 {[%emt 0:00:29]} 43. Rxe6 {[%emt 0:00:34]} Rf2 {[%emt 0:02:36]} 44. Qf8+ {[%emt 0:00:11]} Kb7 {[%emt 0:00:06]} 45. Re7+ {[%emt 0:00:10]} Kc6 {[%emt 0:01:40]} 46. Qc8+ {[%emt 0:00:07]} Kd6 {[%emt 0:00:07]} 47. Qe6# 1-0

[Event "4th ChessMates Murmansk 2020"]
[Site "Murmansk"]
[Date "2020.03.13"]
[Round "2.24"]
[White "Timoshenko, Fedor"]
[Black "Hasseine, Madiane"]
[Result "0-1"]
[WhiteElo "1621"]
[BlackElo "2163"]
[Annotator "TA"]
[PlyCount "108"]
[EventDate "2020.03.13"]
[EventType "team-tourn"]
[EventCountry "RUS"]
[SourceTitle "playchess.com"]
[Source "ChessBase"]
[SourceQuality "1"]

{[%evp 15,107,2,0,-21,14,-24,-22,-25,-8,-10,-4,-18,-8,-51,-50,-43,19,33,16,-9,0,0,36,41,46,54,62,50,61,64,60,-27,0,0,55,44,43,49,124,72,149,79,110,106,95,41,89,85,81,41,80,2,81,68,249,260,407,300,389,36,12,7,23,13,8,6,10,0,133,121,216,216,274,-140,-140,-164,-145,-213,-241,-236,-231,-188,-44,-279,-308,-470,-461,-493,-262,-723,-724,-29993,-5319,-29999]} 1. d4 Nf6 2. Bf4 g6 3. Nf3 Bg7 4. e3 O-O 5. Be2 d6 6. O-O Nbd7 7. Nbd2 b6 8. c3 Bb7 9. Re1 {[#] A47: 1 d4 Nf6 2 Nf3 b6: Torre, London and Colle Systems.} Qe8 $146 ({Predecessor:} 9... c5 10. a4 a6 11. Bd3 h6 12. h3 Qc7 13. e4 cxd4 14. cxd4 Rac8 15. Bh2 e5 16. Qe2 a5 {1-0 (31) Proleiko,J (2119)-Beletsky,A (2374) Moscow 2018}) 10. Bb5 a6 11. Ba4 {The position is equal.} b5 12. Bc2 e5 13. dxe5 dxe5 14. Bg5 e4 15. Nd4 Nh5 (15... c5 $15 16. Ne2 Rd8) 16. a4 $11 c5 {...h6 is the strong threat.} 17. Ne2 (17. Nf5 $5) 17... h6 18. Bh4 g5 19. Bg3 $1 Nxg3 20. Nxg3 {[%cal Rd2e4]} f5 21. axb5 axb5 22. Rxa8 Bxa8 23. Qe2 (23. f3 $14) 23... Ne5 24. f4 Nd3 (24... exf3 $11 25. Nxf3 Nxf3+ 26. gxf3 Qe6) 25. Bxd3 $14 exd3 26. Qxd3 Qc6 (26... gxf4 $14 27. Nxf5 f3 28. Nxf3 Bxf3 29. Nxg7 Kxg7 30. gxf3 Rxf3) 27. Qe2 (27. Nf3 $142) 27... Qe6 (27... b4 $142) 28. Nh5 ({Don't play} 28. Qxb5 $6 gxf4 29. Ngf1 Qg6 $11) (28. fxg5 $142 hxg5 29. e4) 28... Rd8 29. fxg5 hxg5 30. Nf3 (30. Qxb5 Bxg2 31. Nxg7 Kxg7 $11) (30. e4 $16) 30... Bh6 31. h3 ({Much weaker is} 31. Qxb5 $6 g4 $11) 31... Kh8 32. Nh2 Bc6 33. g4 (33. Ng3 $16) 33... Qd5 (33... Bg7 $11) 34. Ng3 $16 Bg7 $2 ({Black should try} 34... fxg4 $1 $14 35. e4 (35. Nxg4 Bg7 $14) 35... Qd2) 35. gxf5 $18 Be5 (35... Kg8 $142 36. e4 Qd2) 36. e4 Qd2 37. Nhf1 $2 (37. Qh5+ $18 Kg8 38. Nf3) 37... Qxe2 $14 38. Rxe2 Rd3 39. Kf2 b4 40. Re3 Rd1 41. cxb4 c4 (41... cxb4 $11 {remains equal.} 42. Rb3 Bd6) 42. Re2 $16 Rb1 (42... Rd3 $16 43. Rc2 Bb5) 43. Ne3 $18 Bb5 {next ...c3 is good for Black.} 44. Nxc4 $2 ({Better is} 44. Rc2 $18) 44... Bxc4 $17 45. Rc2 Bb3 {[%mdl 1024] Black has strong compensation.} 46. Re2 (46. Rd2 $17) 46... Bd4+ $19 47. Kg2 Rg1+ 48. Kh2 Bd1 ({Black should play} 48... Rd1 $19 {Threatens to win with ...Kg7.} 49. Kg2 Kg7) 49. Rg2 $2 {[#]} (49. Rd2 $15 Bf3 50. f6) 49... Re1 $1 {Hoping for ...Bf3.} 50. Rd2 {[#]} (50. f6 {was forced.} Kg8 51. Rd2) 50... Be3 $1 {[%cal Re3d2]} 51. Rd8+ Kg7 (51... Kh7 $142 {( -> ...Bf3)} 52. Rd7+ Kg8 53. Rd8+ Kf7 54. Rd7+ Ke8 55. Rxd1 Rxd1) 52. Rd3 $2 (52. f6+ Kf7 53. Nf5 Re2+ 54. Kh1) 52... Bf3 {[%csl Ge1][%cal Re3g1]} 53. Rd7+ Kf6 (53... Kf8 $142 54. Rd8+ Ke7 55. Ne2 Rxe2+ {[%mdl 64] Double Attack} 56. Kg3 Bh5 57. f6+ Kxd8 58. h4 Bf4+ {[%mdl 64] Discovered Attack} 59. Kh3 Rh2#) 54. Rd3 Bg1# {Accuracy: White = 41%, Black = 36%.} 0-1